| 000 | 00738nam a2200217 a 4500 | ||
|---|---|---|---|
| 999 |
_c2519 _d2519 |
||
| 001 | 2519 | ||
| 003 | BD-JhCC | ||
| 005 | 20171104120549.0 | ||
| 008 | 171104s ii |||| ||a| 001 0 ben d | ||
| 035 | _a(BD-JhCC)2519 | ||
| 040 |
_aBD-JhCC _dBD-JhCC |
||
| 041 | _aben | ||
| 082 |
_a891.4409 _bROY |
||
| 100 | _aরায়, শ্রীসুবোধরঞ্জন | ||
| 245 |
_aনবীনচন্দ্রের কবিকৃতি / _cশ্রীসুবোধরঞ্জন রায়, |
||
| 260 |
_aকলিকাতা : _bমডার্ণ বুক এজেন্সী প্রাইভেট লিঃ, |
||
| 300 |
_a331 p. : _c20 cm. |
||
| 650 | _aBengali Literature | ||
| 942 |
_2ddc _cBK |
||